000 01523nam a2200313 i 4500
001 000027234
003 DO-SdBNP
005 20250130131932.0
007 ta
008 110330s1989 dr a 000 0 spa d
040 _aDO-SdBNP
_bspa
_cBNPHU
_erda
041 _aspa
082 4 _a972.93053
_bV422u 1989
_222
100 1 _aVega, Bernardo,
_d1938 -
_eautor
_4aut.
_93222
245 1 0 _aUnos desafectos y otros en desgracia :
_bsufrimientos bajo la dictadura de Trujillo /
_cBernardo Vega.
250 _aSegunda edición
264 4 _aSanto Domingo, República Dominicana :
_bFundación Cultural Dominicana,
_c©1989.
300 _a284 páginas :
_bilustraciones ;
_c28 cm.
336 _atexto
_btxt
_2rdacontent
337 _asin mediación
_bn
_2rdamedia
338 _avolumen
_bnc
_2rdacarrier
505 0 _aIntroducción --
_tLos exiliados escritores --
_tOtros exiliados --
_tLos desafectos honorables o pasivos --
_tLos desafectos en los años treinta y principio de los cuarenta --
_tLos desafectos durante la tolerancia temporal de la postguerra --
_tLos desafectos a partir de 1948 --
_tLista de desafectos --
_tLos "en desgracia" --
_gFuente de los documentos --
_gÍndice onomástico.
590 _aInventariado, 2023/MFF
600 1 4 _aTrujillo Molina, Rafael Leónidas,
_d1891-1961.
_984719
650 4 _aResistencia civil
_xRepública dominicana
_944738
651 4 _aRepública Dominicana
_xPolítica y gobierno
_yEra de Trujillo, 1930-1961
_91374
910 _aValidado. Control de calidad EMS
942 _2ddc
_cLBS1
999 _c26726
_d26726